Statistics for Groups of 3 - Geography #1

Click here to take the quiz!

General Stats

  • This quiz has been taken 702 times
    (647 since last reset)
  • The average score is 19 of 30

Answer Stats

Question Answer % Correct
The 3 most populous countries.China
91%
Latvia
90%
French
90%
The 3 colours on the Lithuanian flag.Red
89%
The 3 Baltic states in Europe.Estonia
89%
Thames
89%
Capetown
89%
Lithuania
88%
India
88%
France
88%
Yellow
85%
Green
84%
German
82%
The 3 capital cities of South AfricaPretoria
82%
Finland
77%
USA
75%
The 3 official languages of Belgium.Dutch
72%
Oslo
68%
The 3 countries recognised by the UN beginning with F.Fiji
66%
Igneous
59%
Sedimentary
57%
Bloemfontein
50%
The 3 capital cities beginning with O.Ottawa
48%
The 3 types of rock.Metamorphic
44%
The 3 longest rivers in the UK.Severn
41%
Ouagadougou
23%
Trent
14%
Ingleborough
3%
Whernside
3%
The 3 peaks of Yorkshire, UK.Pen-y-Ghent
3%

Score Distribution

Percentile by Number Answered

Percent of People with Each Score

Your Score History

You have not taken this quiz since the last reset